[Event "1st 4NCL Easter Congress"]
[Site "Stevenage"]
[Date "2019.04.19"]
[Round "1"]
[Board "7"]
[White "Kapoor, Gurveen"]
[Black "Brocklehurst, Andrew"]
[Result "1/2-1/2"]
[WhiteElo "1764"]
[BlackElo "1900"]
[PlyCount "0"]
[EventDate "2019.04.19"]
[EventRounds "7"]
[EventCountry "ENG"]

1. g3 {[%clk 01:30:51]} {[%emt 00:00:08]} Nf6 {[%clk 01:30:02]} {[%emt
00:00:59]} 2. Bg2 {[%clk 01:30:43]} {[%emt 00:00:37]} g6 {[%clk 01:30:10]}
{[%emt 00:00:23]} 3. b3 {[%clk 01:30:02]} {[%emt 00:01:10]} Bg7 {[%clk
01:29:01]} {[%emt 00:01:40]} 4. Bb2 {[%clk 01:29:54]} {[%emt 00:00:38]} O-O
{[%clk 01:26:45]} {[%emt 00:02:46]} 5. Nf3 {[%clk 01:25:35]} {[%emt 00:04:49]}
d6 {[%clk 01:20:48]} {[%emt 00:06:26]} 6. c4 {[%clk 01:21:36]} {[%emt
00:04:29]} e5 {[%clk 01:17:23]} {[%emt 00:03:56]} 7. O-O {[%clk 01:21:25]}
{[%emt 00:00:42]} c6 {[%clk 01:07:21]} {[%emt 00:10:32]} 8. d3 {[%clk
01:15:26]} {[%emt 00:06:29]} Re8 {[%clk 01:06:47]} {[%emt 00:01:03]} 9. Nbd2
{[%clk 01:08:40]} {[%emt 00:07:17]} Bg4 {[%clk 01:00:51]} {[%emt 00:06:25]} 10.
h3 {[%clk 01:07:05]} {[%emt 00:02:06]} Bxf3 {[%clk 01:00:51]} {[%emt 00:00:29]}
11. Nxf3 {[%clk 01:04:35]} {[%emt 00:03:01]} Nbd7 {[%clk 00:57:13]} {[%emt
00:04:08]} 12. b4 {[%clk 00:56:12]} {[%emt 00:08:53]} Qb6 {[%clk 00:49:48]}
{[%emt 00:07:54]} 13. Rb1 {[%clk 00:54:11]} {[%emt 00:02:32]} Rad8 {[%clk
00:39:54]} {[%emt 00:10:24]} 14. e4 {[%clk 00:43:10]} {[%emt 00:11:31]} d5
{[%clk 00:31:03]} {[%emt 00:09:21]} 15. c5 {[%clk 00:42:39]} {[%emt 00:01:01]}
Qc7 {[%clk 00:26:44]} {[%emt 00:04:49]} 16. Qb3 {[%clk 00:38:09]} {[%emt
00:05:00]} h6 {[%clk 00:19:09]} {[%emt 00:08:05]} 17. Rfe1 {[%clk 00:27:30]}
{[%emt 00:11:09]} a5 {[%clk 00:14:20]} {[%emt 00:05:20]} 18. a3 {[%clk
00:27:11]} {[%emt 00:00:49]} b6 {[%clk 00:12:54]} {[%emt 00:01:55]} 19. Qc2
{[%clk 00:16:01]} {[%emt 00:11:39]} axb4 {[%clk 00:11:53]} {[%emt 00:01:32]} 20.
cxb6 {[%clk 00:15:19]} {[%emt 00:01:12]} Qxb6 {[%clk 00:11:30]} {[%emt
00:00:52]} 21. axb4 {[%clk 00:15:41]} {[%emt 00:00:09]} Rc8 {[%clk 00:10:10]}
{[%emt 00:01:49]} 22. Qd2 {[%clk 00:13:52]} {[%emt 00:02:19]} d4 {[%clk
00:10:05]} {[%emt 00:00:35]} 23. Nh4 {[%clk 00:12:57]} {[%emt 00:01:24]} Bf8
{[%clk 00:09:56]} {[%emt 00:00:39]} 24. Ba3 {[%clk 00:12:24]} {[%emt 00:01:04]}
Ra8 {[%clk 00:10:01]} {[%emt 00:00:24]} 25. Bc1 {[%clk 00:10:51]} {[%emt
00:02:04]} Ra4 {[%clk 00:09:11]} {[%emt 00:01:20]} 26. b5 {[%clk 00:10:57]}
{[%emt 00:00:25]} cxb5 {[%clk 00:08:59]} {[%emt 00:00:42]} 27. Bf3 {[%clk
00:10:23]} {[%emt 00:01:04]} Rea8 {[%clk 00:09:09]} {[%emt 00:00:19]} 28. Bd1
{[%clk 00:10:26]} {[%emt 00:00:27]} Ra2 {[%clk 00:09:11]} {[%emt 00:00:28]} 29.
Rb2 {[%clk 00:10:27]} {[%emt 00:00:29]} Rxb2 {[%clk 00:09:05]} {[%emt
00:00:36]} 30. Qxb2 {[%clk 00:10:22]} {[%emt 00:00:35]} Qa5 {[%clk 00:07:36]}
{[%emt 00:01:59]} 31. Bd2 {[%clk 00:10:28]} {[%emt 00:00:24]} Qa2 {[%clk
00:07:17]} {[%emt 00:00:49]} 32. Qc1 {[%clk 00:09:27]} {[%emt 00:01:32]} Kh7
{[%clk 00:07:23]} {[%emt 00:00:24]} 33. Ng2 {[%clk 00:07:53]} {[%emt 00:02:04]}
b4 {[%clk 00:06:45]} {[%emt 00:01:08]} 34. Qc6 {[%clk 00:07:07]} {[%emt
00:01:15]} Qa6 {[%clk 00:06:32]} {[%emt 00:00:44]} 35. Qxa6 {[%clk 00:06:02]}
{[%emt 00:01:36]} Rxa6 {[%clk 00:06:54]} {[%emt 00:00:07]} 36. Bb3 {[%clk
00:06:30]} {[%emt 00:00:02]} Kg7 {[%clk 00:06:48]} {[%emt 00:00:36]} 37. Bc4
{[%clk 00:06:52]} {[%emt 00:00:08]} Rb6 {[%clk 00:06:29]} {[%emt 00:00:49]} 38.
Rb1 {[%clk 00:06:50]} {[%emt 00:00:32]} Bc5 {[%clk 00:06:04]} {[%emt 00:00:55]}
39. Ne1 {[%clk 00:06:49]} {[%emt 00:00:31]} Ne8 {[%clk 00:04:15]} {[%emt
00:02:19]} 40. Nc2 {[%clk 00:06:51]} {[%emt 00:00:29]} Nd6 {[%clk 00:04:11]}
{[%emt 00:00:33]} 41. Ba2 {[%clk 00:06:22]} {[%emt 00:00:59]} Ra6 {[%clk
00:04:10]} {[%emt 00:00:31]} 42. Nxb4 {[%clk 00:06:30]} {[%emt 00:00:22]} Bxb4
{[%clk 00:04:13]} {[%emt 00:00:26]} 43. Bxb4 {[%clk 00:06:56]} {[%emt
00:00:05]} Rxa2 {[%clk 00:03:53]} {[%emt 00:00:50]} 44. Bxd6 {[%clk 00:07:20]}
{[%emt 00:00:06]} Ra6 {[%clk 00:03:51]} {[%emt 00:00:33]} 45. Be7 {[%clk
00:04:47]} {[%emt 00:03:03]} Re6 {[%clk 00:03:26]} {[%emt 00:00:54]} 46. Ba3
{[%clk 00:05:13]} {[%emt 00:00:04]} Rb6 {[%clk 00:03:05]} {[%emt 00:00:50]} 47.
Rxb6 {[%clk 00:04:40]} {[%emt 00:01:04]} Nxb6 {[%clk 00:03:23]} {[%emt
00:00:12]} 48. f4 {[%clk 00:05:03]} {[%emt 00:00:07]} f6 {[%clk 00:02:56]}
{[%emt 00:00:57]} 49. Kf2 {[%clk 00:04:45]} {[%emt 00:00:49]} Kf7 {[%clk
00:03:19]} {[%emt 00:00:07]} 50. Kf3 {[%clk 00:04:40]} {[%emt 00:00:34]} Ke6
{[%clk 00:03:08]} {[%emt 00:00:41]} 51. g4 {[%clk 00:03:21]} {[%emt 00:01:50]}
Nd7 {[%clk 00:02:27]} {[%emt 00:01:11]} 52. f5+ {[%clk 00:02:31]} {[%emt
00:01:20]} Kf7 {[%clk 00:02:18]} {[%emt 00:00:38]} 53. h4 {[%clk 00:02:33]}
{[%emt 00:00:28]} Nb6 {[%clk 00:02:21]} {[%emt 00:00:28]}  1/2-1/2

[Event "1st 4NCL Easter Congress"]
[Site "Stevenage"]
[Date "2019.04.19"]
[Round "1"]
[Board "8"]
[White "Nwachukwu, Chino"]
[Black "Merriman, James"]
[Result "0-1"]
[WhiteElo "1899"]
[BlackElo "1760"]
[PlyCount "0"]
[EventDate "2019.04.19"]
[EventRounds "7"]
[EventCountry "ENG"]

1. e4 {[%clk 01:15:34]} {[%emt 00:15:25]} e6 {[%clk 01:30:54]} {[%emt
00:00:08]} 2. d4 {[%clk 01:15:37]} {[%emt 00:00:27]} d5 {[%clk 01:31:21]}
{[%emt 00:00:03]} 3. Nd2 {[%clk 01:16:01]} {[%emt 00:00:06]} Be7 {[%clk
01:31:42]} {[%emt 00:00:10]} 4. Bd3 {[%clk 01:16:20]} {[%emt 00:00:09]} c5
{[%clk 01:32:05]} {[%emt 00:00:07]} 5. c3 {[%clk 01:16:45]} {[%emt 00:00:05]}
Nc6 {[%clk 01:32:28]} {[%emt 00:00:06]} 6. Ne2 {[%clk 01:17:00]} {[%emt
00:00:15]} Qb6 {[%clk 01:27:35]} {[%emt 00:05:23]} 7. Nf3 {[%clk 01:13:22]}
{[%emt 00:04:08]} dxe4 {[%clk 01:27:53]} {[%emt 00:00:12]} 8. Bxe4 {[%clk
01:13:49]} {[%emt 00:00:03]} Nf6 {[%clk 01:28:14]} {[%emt 00:00:09]} 9. Bc2
{[%clk 01:12:38]} {[%emt 00:01:42]} O-O {[%clk 01:27:37]} {[%emt 00:01:07]} 10.
O-O {[%clk 01:12:49]} {[%emt 00:00:18]} Rd8 {[%clk 01:27:00]} {[%emt 00:01:06]}
11. dxc5 {[%clk 01:11:23]} {[%emt 00:01:57]} Bxc5 {[%clk 01:26:35]} {[%emt
00:00:56]} 12. Qe1 {[%clk 01:11:45]} {[%emt 00:00:08]} h6 {[%clk 01:25:28]}
{[%emt 00:01:37]} 13. b4 {[%clk 01:12:01]} {[%emt 00:00:14]} Bd6 {[%clk
01:24:30]} {[%emt 00:01:27]} 14. Be3 {[%clk 01:12:19]} {[%emt 00:00:13]} Qc7
{[%clk 01:24:16]} {[%emt 00:00:43]} 15. h3 {[%clk 01:12:42]} {[%emt 00:00:07]}
Nxb4 {[%clk 01:22:30]} {[%emt 00:02:17]} 16. cxb4 {[%clk 01:09:03]} {[%emt
00:04:09]} Qxc2 {[%clk 01:22:31]} {[%emt 00:00:28]} 17. Ned4 {[%clk 01:09:28]}
{[%emt 00:00:06]} Qg6 {[%clk 01:20:11]} {[%emt 00:02:47]} 18. Nb5 {[%clk
01:06:53]} {[%emt 00:03:08]} b6 {[%clk 01:17:43]} {[%emt 00:02:58]} 19. Rd1
{[%clk 00:57:42]} {[%emt 00:09:41]} Nd5 {[%clk 01:12:05]} {[%emt 00:06:08]} 20.
Nxd6 {[%clk 00:55:29]} {[%emt 00:02:44]} Rxd6 {[%clk 01:12:26]} {[%emt
00:00:08]} 21. Ne5 {[%clk 00:53:37]} {[%emt 00:02:22]} Qh5 {[%clk 01:11:26]}
{[%emt 00:01:29]} 22. Bf4 {[%clk 00:48:12]} {[%emt 00:05:56]} Ba6 {[%clk
00:50:14]} {[%emt 00:21:42]} 23. Nd3 {[%clk 00:40:12]} {[%emt 00:08:30]} Rd7
{[%clk 00:46:43]} {[%emt 00:03:55]} 24. a4 {[%clk 00:40:01]} {[%emt 00:00:48]}
Rad8 {[%clk 00:45:11]} {[%emt 00:02:01]} 25. b5 {[%clk 00:40:15]} {[%emt
00:00:17]} Nxf4 {[%clk 00:45:25]} {[%emt 00:00:15]} 26. Nxf4 {[%clk 00:40:31]}
{[%emt 00:00:15]} Qxd1 {[%clk 00:45:44]} {[%emt 00:00:10]}  0-1

[Event "1st 4NCL Easter Congress"]
[Site "Stevenage"]
[Date "2019.04.19"]
[Round "1"]
[Board "9"]
[White "Volovich, Julia"]
[Black "Ukken, Somton"]
[Result "0-1"]
[WhiteElo "1753"]
[BlackElo "1898"]
[PlyCount "0"]
[EventDate "2019.04.19"]
[EventRounds "7"]
[EventCountry "ENG"]

1. d4 {[%clk 01:30:57]} {[%emt 00:00:02]} c5 {[%clk 01:29:35]} {[%emt
00:01:26]} 2. d5 {[%clk 01:31:18]} {[%emt 00:00:09]} f5 {[%clk 01:29:42]}
{[%emt 00:00:23]} 3. Nf3 {[%clk 01:27:10]} {[%emt 00:04:38]} Nf6 {[%clk
01:29:24]} {[%emt 00:00:47]} 4. g3 {[%clk 01:24:42]} {[%emt 00:02:59]} g6
{[%clk 01:27:35]} {[%emt 00:02:18]} 5. Bg2 {[%clk 01:24:21]} {[%emt 00:00:51]}
Bg7 {[%clk 01:26:26]} {[%emt 00:01:39]} 6. O-O {[%clk 01:12:55]} {[%emt
00:11:55]} d6 {[%clk 01:25:57]} {[%emt 00:01:00]} 7. Nc3 {[%clk 01:09:03]}
{[%emt 00:04:22]} O-O {[%clk 01:18:15]} {[%emt 00:08:12]} 8. Bg5 {[%clk
01:06:13]} {[%emt 00:03:20]} h6 {[%clk 01:10:25]} {[%emt 00:08:20]} 9. Bf4
{[%clk 00:58:13]} {[%emt 00:08:31]} Na6 {[%clk 01:09:35]} {[%emt 00:01:20]} 10.
Re1 {[%clk 00:56:01]} {[%emt 00:02:41]} Nc7 {[%clk 01:05:59]} {[%emt 00:04:07]}
11. Qd3 {[%clk 00:47:20]} {[%emt 00:09:11]} Rb8 {[%clk 01:01:21]} {[%emt
00:05:08]} 12. a4 {[%clk 00:45:15]} {[%emt 00:02:35]} Bd7 {[%clk 01:00:54]}
{[%emt 00:00:56]} 13. Nd2 {[%clk 00:37:26]} {[%emt 00:08:20]} g5 {[%clk
00:52:27]} {[%emt 00:08:57]} 14. Be3 {[%clk 00:37:39]} {[%emt 00:00:17]} e5
{[%clk 00:52:12]} {[%emt 00:00:45]} 15. dxe6 {[%clk 00:36:23]} {[%emt
00:01:46]} Bxe6 {[%clk 00:44:43]} {[%emt 00:07:59]} 16. f4 {[%clk 00:29:40]}
{[%emt 00:07:13]} Ng4 {[%clk 00:32:35]} {[%emt 00:12:38]} 17. Nb5 {[%clk
00:17:06]} {[%emt 00:13:05]} Nxb5 {[%clk 00:31:04]} {[%emt 00:02:00]} 18. axb5
{[%clk 00:17:05]} {[%emt 00:00:31]} Nxe3 {[%clk 00:31:17]} {[%emt 00:00:16]} 19.
Qxe3 {[%clk 00:17:25]} {[%emt 00:00:10]} Bd4 {[%clk 00:30:05]} {[%emt
00:02:16]}  0-1

[Event "1st 4NCL Easter Congress"]
[Site "Stevenage"]
[Date "2019.04.19"]
[Round "1"]
[Board "10"]
[White "Karumazondo, Ragarirai Ernest"]
[Black "Sheikh, Anum"]
[Result "1-0"]
[WhiteElo "1896"]
[BlackElo "1651"]
[PlyCount "0"]
[EventDate "2019.04.19"]
[EventRounds "7"]
[EventCountry "ENG"]

1. e4 {[%clk 01:27:43]} {[%emt 00:03:16]} Nf6 {[%clk 01:30:55]} {[%emt
00:00:06]} 2. Nc3 {[%clk 01:26:12]} {[%emt 00:02:01]} e5 {[%clk 01:31:15]}
{[%emt 00:00:10]} 3. Nf3 {[%clk 01:25:40]} {[%emt 00:01:02]} Nc6 {[%clk
01:31:38]} {[%emt 00:00:07]} 4. Bb5 {[%clk 01:25:33]} {[%emt 00:00:36]} Bb4
{[%clk 01:32:00]} {[%emt 00:00:08]} 5. O-O {[%clk 01:25:29]} {[%emt 00:00:33]}
O-O {[%clk 01:32:23]} {[%emt 00:00:08]} 6. d3 {[%clk 01:25:45]} {[%emt
00:00:15]} d6 {[%clk 01:29:53]} {[%emt 00:03:01]} 7. Bg5 {[%clk 01:25:21]}
{[%emt 00:00:54]} Bxc3 {[%clk 01:30:11]} {[%emt 00:00:13]} 8. bxc3 {[%clk
01:25:48]} {[%emt 00:00:02]} h6 {[%clk 01:30:17]} {[%emt 00:00:23]} 9. Bh4
{[%clk 01:26:05]} {[%emt 00:00:13]} Bg4 {[%clk 01:24:27]} {[%emt 00:06:19]} 10.
h3 {[%clk 01:24:16]} {[%emt 00:02:20]} Bh5 {[%clk 01:24:28]} {[%emt 00:00:29]}
11. g4 {[%clk 01:23:19]} {[%emt 00:01:27]} Bg6 {[%clk 01:24:48]} {[%emt
00:00:09]} 12. c4 {[%clk 01:22:44]} {[%emt 00:01:06]} Nd4 {[%clk 01:24:10]}
{[%emt 00:01:08]} 13. Nxd4 {[%clk 01:22:47]} {[%emt 00:00:27]} exd4 {[%clk
01:24:32]} {[%emt 00:00:07]} 14. f4 {[%clk 01:22:41]} {[%emt 00:00:36]} c6
{[%clk 01:22:36]} {[%emt 00:02:26]} 15. Ba4 {[%clk 01:22:53]} {[%emt 00:00:19]}
Qa5 {[%clk 01:22:40]} {[%emt 00:00:26]} 16. Bb3 {[%clk 01:22:04]} {[%emt
00:01:19]} Rfe8 {[%clk 01:21:38]} {[%emt 00:01:32]} 17. Qc1 {[%clk 01:19:00]}
{[%emt 00:03:34]} Bh7 {[%clk 01:10:11]} {[%emt 00:11:56]} 18. Bf2 {[%clk
01:09:28]} {[%emt 00:10:03]} c5 {[%clk 01:10:17]} {[%emt 00:00:25]} 19. Bh4
{[%clk 01:09:46]} {[%emt 00:00:12]} Nd7 {[%clk 01:09:37]} {[%emt 00:01:09]} 20.
Kh2 {[%clk 01:09:36]} {[%emt 00:00:39]} Qc7 {[%clk 01:05:59]} {[%emt 00:04:08]}
21. Ba4 {[%clk 01:09:09]} {[%emt 00:00:58]} Kh8 {[%emt 00:09:53]} 22. Qd2
{[%clk 01:06:00]} Rg8 {[%clk 00:55:00]} {[%emt 00:05:43]} 23. Rf2 {[%clk
01:04:41]} {[%emt 00:01:50]} a6 {[%clk 00:40:25]} {[%emt 00:15:05]} 24. Bb3
{[%clk 01:03:32]} {[%emt 00:01:40]} Nb6 {[%clk 00:34:17]} {[%emt 00:06:38]} 25.
a4 {[%clk 01:01:35]} {[%emt 00:02:27]} a5 {[%clk 00:32:37]} {[%emt 00:02:10]}
26. Bg3 {[%clk 01:01:40]} {[%emt 00:00:24]} f6 {[%clk 00:29:10]} {[%emt
00:03:57]} 27. f5 {[%clk 01:00:52]} {[%emt 00:01:18]} Nd7 {[%clk 00:27:50]}
{[%emt 00:01:50]} 28. Rg1 {[%clk 01:00:11]} {[%emt 00:01:11]} Ne5 {[%clk
00:26:57]} {[%emt 00:01:22]} 29. Bf4 {[%clk 01:00:29]} {[%emt 00:00:13]} Nf7
{[%clk 00:14:00]} {[%emt 00:13:27]} 30. h4 {[%clk 00:58:35]} {[%emt 00:02:24]}
Qe7 {[%clk 00:12:32]} {[%emt 00:01:58]} 31. Rfg2 {[%clk 00:58:01]} {[%emt
00:01:03]} b6 {[%clk 00:11:08]} {[%emt 00:01:55]} 32. c3 {[%clk 00:56:40]}
{[%emt 00:01:51]} dxc3 {[%clk 00:09:43]} {[%emt 00:01:55]} 33. Qxc3 {[%clk
00:56:57]} {[%emt 00:00:13]} Ne5 {[%clk 00:08:29]} {[%emt 00:01:44]} 34. Bd1
{[%emt 00:03:40]} g5 {[%clk 00:05:49]} 35. fxg6 {[%clk 00:54:39]} {[%emt
00:02:48]} Nxg6 {[%clk 00:06:12]} {[%emt 00:00:08]} 36. Bg3 {[%clk 00:54:38]}
{[%emt 00:00:30]} Rg7 {[%clk 00:03:43]} {[%emt 00:02:59]} 37. h5 {[%clk
00:53:29]} {[%emt 00:01:40]} Ne5 {[%clk 00:04:03]} {[%emt 00:00:10]} 38. Bf4
{[%clk 00:53:44]} {[%emt 00:00:14]} Nf7 {[%clk 00:04:27]} {[%emt 00:00:07]} 39.
Rf1 {[%clk 00:51:59]} {[%emt 00:02:14]} Rf8 {[%clk 00:04:28]} {[%emt 00:00:29]}
40. Qd2 {[%clk 00:51:21]} {[%emt 00:01:09]} Ng5 {[%clk 00:04:50]} {[%emt
00:00:08]} 41. Rgf2 {[%clk 00:51:12]} {[%emt 00:00:39]} Rgf7 {[%clk 00:04:39]}
{[%emt 00:00:41]} 42. Qb2 {[%clk 00:51:18]} {[%emt 00:00:24]} Qd8 {[%clk
00:02:50]} {[%emt 00:02:19]} 43. Bd2 {[%clk 00:51:07]} {[%emt 00:00:39]} Kg7
{[%clk 00:02:22]} {[%emt 00:01:00]} 44. Bc3 {[%clk 00:49:58]} {[%emt 00:01:40]}
Ne6 {[%clk 00:02:16]} {[%emt 00:00:35]} 45. Bf3 {[%clk 00:48:42]} {[%emt
00:01:45]} Ng5 {[%clk 00:02:38]} {[%emt 00:00:09]} 46. Bg2 {[%clk 00:48:53]}
{[%emt 00:00:19]} Ne6 {[%clk 00:02:48]} {[%emt 00:00:20]} 47. Rb1 {[%clk
00:49:06]} {[%emt 00:00:18]} Rb7 {[%clk 00:00:47]} {[%emt 00:02:31]} 48. e5
{[%clk 00:49:18]} {[%emt 00:00:17]} Rb8 {[%clk 00:00:48]} {[%emt 00:00:29]} 49.
exf6+ {[%clk 00:48:51]} {[%emt 00:00:57]} Kf7 {[%clk 00:00:49]} {[%emt
00:00:28]} 50. Bd5 {[%clk 00:48:45]} {[%emt 00:00:37]} Bxd3 {[%clk 00:00:51]}
{[%emt 00:00:29]} 51. Re1 {[%clk 00:48:55]} {[%emt 00:00:18]} Re8 {[%clk
00:01:03]} {[%emt 00:00:19]} 52. Qd2 {[%clk 00:48:55]}  1-0

[Event "1st 4NCL Easter Congress"]
[Site "Stevenage"]
[Date "2019.04.19"]
[Round "1"]
[Board "11"]
[White "Sandhu, Manvith"]
[Black "Flynn, David"]
[Result "1/2-1/2"]
[WhiteElo "1564"]
[BlackElo "1871"]
[PlyCount "0"]
[EventDate "2019.04.19"]
[EventRounds "7"]
[EventCountry "ENG"]

1. e4 {[%clk 01:30:56]} {[%emt 00:00:03]} e6 {[%clk 01:29:08]} {[%emt
00:01:52]} 2. d4 {[%clk 01:31:19]} {[%emt 00:00:06]} d5 {[%clk 01:29:34]}
{[%emt 00:00:05]} 3. Bd3 {[%clk 01:31:44]} {[%emt 00:00:04]} dxe4 {[%clk
01:29:56]} {[%emt 00:00:09]} 4. Bxe4 {[%clk 01:32:06]} {[%emt 00:00:08]} Nf6
{[%clk 01:30:15]} {[%emt 00:00:10]} 5. Bf3 {[%clk 01:32:31]} {[%emt 00:00:05]}
c5 {[%clk 01:30:34]} {[%emt 00:00:12]} 6. Ne2 {[%clk 01:32:54]} {[%emt
00:00:06]} Nc6 {[%clk 01:30:51]} {[%emt 00:00:14]} 7. Be3 {[%clk 01:33:17]}
{[%emt 00:00:07]} e5 {[%clk 01:20:00]} {[%emt 00:11:21]} 8. Bxc6+ {[%clk
01:30:20]} {[%emt 00:03:26]} bxc6 {[%clk 01:20:21]} {[%emt 00:00:10]} 9. dxe5
{[%clk 01:30:24]} {[%emt 00:00:26]} Qxd1+ {[%clk 01:20:33]} {[%emt 00:00:18]}
10. Kxd1 {[%clk 01:30:45]} {[%emt 00:00:09]} Ng4 {[%clk 01:20:21]} {[%emt
00:00:42]} 11. Nbc3 {[%clk 01:27:25]} {[%emt 00:03:49]} Nxe3+ {[%clk 01:17:31]}
{[%emt 00:03:21]} 12. fxe3 {[%clk 01:27:44]} {[%emt 00:00:11]} Bf5 {[%clk
01:14:24]} {[%emt 00:03:37]} 13. e4 {[%clk 01:26:29]} {[%emt 00:01:45]} O-O-O+
{[%clk 01:01:10]} {[%emt 00:13:42]} 14. Ke1 {[%clk 01:26:21]} {[%emt 00:00:35]}
Bg6 {[%clk 00:57:31]} {[%emt 00:04:13]} 15. Nf4 {[%clk 01:26:31]} {[%emt
00:00:18]} Re8 {[%clk 00:54:42]} {[%emt 00:03:22]} 16. Nxg6 {[%clk 01:23:23]}
{[%emt 00:03:37]} fxg6 {[%clk 00:53:52]} {[%emt 00:01:21]} 17. Rd1 {[%clk
01:21:38]} {[%emt 00:02:14]} Rxe5 {[%clk 00:50:00]} {[%emt 00:04:22]} 18. Rf1
{[%clk 01:20:51]} {[%emt 00:01:17]} Be7 {[%clk 00:49:23]} {[%emt 00:01:06]} 19.
Rf7 {[%clk 01:19:13]} {[%emt 00:02:07]} Bh4+ {[%clk 00:47:37]} {[%emt
00:02:17]} 20. g3 {[%clk 01:17:06]} {[%emt 00:02:37]} Re7 {[%clk 00:47:43]}
{[%emt 00:00:24]} 21. Rxe7 {[%clk 01:17:20]} {[%emt 00:00:15]} Bxe7 {[%clk
00:48:08]} {[%emt 00:00:05]} 22. Ke2 {[%clk 01:17:34]} {[%emt 00:00:16]} Bf6
{[%clk 00:46:54]} {[%emt 00:01:44]} 23. Na4 {[%clk 01:16:46]} {[%emt 00:01:18]}
c4 {[%clk 00:40:58]} {[%emt 00:06:27]} 24. b3 {[%clk 01:15:41]} {[%emt
00:01:34]} cxb3 {[%clk 00:40:55]} {[%emt 00:00:33]} 25. cxb3 {[%clk 01:16:01]}
{[%emt 00:00:10]} Rd8 {[%clk 00:37:57]} {[%emt 00:03:29]} 26. Rxd8+ {[%clk
01:14:26]} {[%emt 00:02:04]} Kxd8 {[%clk 00:38:05]} {[%emt 00:00:23]} 27. Kd3
{[%clk 01:14:45]} {[%emt 00:00:10]} Kc7 {[%clk 00:35:22]} {[%emt 00:03:15]} 28.
Nc5 {[%clk 01:10:58]} {[%emt 00:04:16]} Kd6 {[%clk 00:32:17]} {[%emt 00:03:35]}
29. Nb7+ {[%clk 01:10:11]} {[%emt 00:01:17]} Kc7 {[%clk 00:25:14]} {[%emt
00:07:34]} 30. Nc5 {[%clk 01:10:28]} {[%emt 00:00:12]} Kd6 {[%clk 00:25:38]}
{[%emt 00:00:06]}  1/2-1/2

[Event "1st 4NCL Easter Congress"]
[Site "Stevenage"]
[Date "2019.04.19"]
[Round "1"]
[Board "12"]
[White "Slinger, Aj (Tony)"]
[Black "Shenbagakumar, Gautham"]
[Result "1/2-1/2"]
[WhiteElo "1859"]
[BlackElo "1507"]
[PlyCount "0"]
[EventDate "2019.04.19"]
[EventRounds "7"]
[EventCountry "ENG"]

1. c4 {[%emt 00:07:28]} e5 {[%emt 00:00:23]} 2. Nc3 {[%emt 00:00:08]} Nf6
{[%emt 00:00:24]} 3. Nf3 {[%emt 00:00:35]} Nc6 {[%emt 00:00:41]} 4. e3 {[%emt
00:00:12]} d6 {[%emt 00:00:35]} 5. d4 {[%emt 00:01:55]} Bg4 {[%emt 00:02:37]} 6.
Be2 {[%emt 00:00:35]} Qd7 {[%emt 00:02:10]} 7. d5 {[%emt 00:01:33]} Ne7 {[%emt
00:00:54]} 8. h3 {[%emt 00:02:42]} Bxf3 {[%emt 00:02:32]} 9. Bxf3 {[%emt
00:00:07]} g6 {[%emt 00:01:20]} 10. e4 {[%emt 00:00:37]} Bg7 {[%emt 00:00:14]}
11. Be3 {[%emt 00:00:58]} O-O {[%emt 00:00:38]} 12. Qd2 {[%emt 00:01:04]} c6
{[%emt 00:04:53]} 13. O-O {[%emt 00:01:16]} c5 {[%emt 00:03:34]} 14. a3 {[%emt
00:03:32]} Ne8 {[%emt 00:02:18]} 15. Be2 {[%emt 00:02:36]} f5 {[%emt 00:01:03]}
16. f3 {[%emt 00:00:05]} f4 {[%emt 00:01:05]} 17. Bf2 {[%emt 00:00:05]} Nf6
{[%emt 00:05:35]} 18. b4 {[%emt 00:00:17]} b6 {[%emt 00:01:01]} 19. bxc5 {[%emt
00:00:14]} bxc5 {[%emt 00:00:09]} 20. Rfb1 {[%emt 00:00:26]} Rab8 {[%emt
00:01:00]} 21. Bd1 {[%emt 00:01:05]} a6 {[%emt 00:00:37]} 22. Be1 {[%emt
00:03:58]} Qc7 {[%emt 00:04:07]} 23. Na4 {[%emt 00:00:53]} Rxb1 {[%emt
00:02:23]} 24. Rxb1 {[%emt 00:00:07]} Rb8 {[%emt 00:06:53]} 25. Qc2 {[%emt
00:00:47]} Rxb1 {[%emt 00:02:15]} 26. Qxb1 {[%emt 00:00:06]} Nd7 {[%emt
00:00:17]} 27. Qb3 {[%emt 00:00:55]} Kf7 {[%emt 00:01:34]} 28. Bc2 {[%emt
00:03:59]} g5 {[%emt 00:01:00]} 29. Bc3 {[%emt 00:00:12]} Bf6 {[%emt 00:02:44]}
30. Nb2 {[%emt 00:02:47]} Qa7 {[%emt 00:05:14]} 31. a4 {[%emt 00:02:34]} h5
{[%emt 00:09:00]} 32. a5 {[%emt 00:00:42]} Nc8 {[%emt 00:02:00]} 33. Nd1 {[%emt
00:02:18]} Bd8 {[%emt 00:01:50]} 34. Qb2 {[%emt 00:00:15]} Ne7 {[%emt
00:05:46]} 35. Ba4 {[%emt 00:00:34]} Nb8 {[%emt 00:01:04]} 36. Nf2 {[%emt
00:00:41]} Bc7 {[%emt 00:00:50]} 37. Kf1 {[%emt 00:05:12]} Qa8 {[%emt
00:02:26]} 38. Nd3 {[%emt 00:00:13]} Ng6 {[%emt 00:01:04]} 39. Kf2 {[%emt
00:07:50]} h4 {[%emt 00:00:32]} 40. Ke2 {[%emt 00:00:20]} Ke7 {[%emt 00:00:34]}
41. Nf2 {[%emt 00:00:16]} Kf7 {[%emt 00:03:37]} 42. Ng4 {[%emt 00:00:07]} Kg7
{[%emt 00:00:11]} 43. Qb3 {[%emt 00:00:57]} Ne7 {[%emt 00:01:43]} 44. Kd3
{[%emt 00:01:15]} Ng8 {[%emt 00:00:25]} 45. Qb2 {[%emt 00:03:50]} Nh6 {[%emt
00:02:30]} 46. Nf2 {[%emt 00:00:33]} Kf8 {[%emt 00:01:43]} 47. Kc2 {[%emt
00:01:25]} Ke7 {[%emt 00:00:22]} 48. Nd3 {[%emt 00:00:52]} Nf7 {[%emt
00:00:16]}  1/2-1/2

[Event "1st 4NCL Easter Congress"]
[Site "Stevenage"]
[Date "2019.04.19"]
[Round "1"]
[Board "13"]
[White "Valjee, Ashir V"]
[Black "Bagley, Andy J"]
[Result "1/2-1/2"]
[WhiteElo "1462"]
[BlackElo "1853"]
[PlyCount "80"]
[EventDate "2019.04.19"]
[EventRounds "7"]
[EventCountry "ENG"]

1. e4 e6 2. d4 d5 3. Nc3 Nf6 4. Bg5 Bb4 5. e5 h6 6. Bh4 g5 7. Bg3 Ne4 8. Nge2
c5 9. a3 Nxc3 10. Nxc3 Bxc3+ 11. bxc3 Qa5 12. Qd2 Nc6 13. dxc5 Qxc5 14. h4 Rg8
15. hxg5 hxg5 16. Be2 Bd7 17. Rh7 O-O-O 18. Kf1 Rh8 19. Rxh8 Rxh8 20. Kg1 Rg8
21. Qd3 d4 22. Qh7 Qf8 23. Qd3 Rh8 24. f3 Qc5 25. cxd4 Qxd4+ 26. Qxd4 Nxd4 27.
Bd3 a6 28. a4 Nc6 29. Rb1 Ne7 30. Rb4 Nd5 31. Rc4+ Bc6 32. Bf2 Kd7 33. Rg4 Rh5
34. Rd4 Kc8 35. Be1 g4 36. Rxg4 Rxe5 37. Rg8+ Kd7 38. Bg3 Rh5 39. Rg7 Ke8 40.
Rg8+ Kd7  1/2-1/2